000 00825nam a22002177a 4500
008 240605b mp ||||| |||| 00| 0 mon d
020 _a978-99929-0-994-2
035 _a16358
040 _aDA0445040
_bmon
_cMN-UlNLM
_dMN-UlNLM
_erda
041 _amon
042 _a42073
084 _221
_a930
_bД.893
245 0 _aДэлхийн түүх
264 _aУлаанбаатар
_bМонсудар ХГ
_c2009
300 _a612 х.
336 _2rdacontent
_atext
_btxt
337 _2rdamedia
_aunmediated
_bn
338 _2rdacarrier
_avolume
_bnc
650 _aДэлхийн түүх бол өнөөгийн бодит байдлыг бий болгосон үйл явдал, үзэл санаа, хүмүүсийн тухай фото зураг бүхий хамгийн шилдэг лавл...
942 _210-t
_cBK
999 _c752378
_d752435